ببليوجرافيا لوثائق الثورة العرابية والوقائع الحربية : بمناسبة مرور مائة عام،1881-1981 / Bibliyūjrāfiyā li-wathāʼiq al-thawrah al-ʻUrābīyah wa-al-wāqāʼi ʻal-ḥarbīyah : bi-munāsabat murūr miʼat ʻām, 1881-1981

محفوظ في:

مؤلف مشترك: al-Majlis al-Aʻlá lil-Thaqāfah, al-Hayʼah al-Miṣrīyah al-ʻĀmmah lil-Kitāb wa Dār al-Wathāʼiq al-Qawmīyah.

التنسيق: كتاب

اللغة: Undetermined

منشور في: Cairo al-Hayʼah al-Miṣrīyah al-ʻĀmmah lil-Kitāb 1982

الوسوم: إضافة وسم

لا توجد وسوم, كن أول من يضع وسما على هذه التسجيلة!

رقم الطلب: B30 DAR

LEADER 00730nam a2200133Ia 4500
008 240404s9999||||xx |||||||||||||| ||und||
020 |a 9770100641 
050 4 |a B30 DAR 
110 0 |a al-Majlis al-Aʻlá lil-Thaqāfah, al-Hayʼah al-Miṣrīyah al-ʻĀmmah lil-Kitāb wa Dār al-Wathāʼiq al-Qawmīyah. 
245 1 0 |a ببليوجرافيا لوثائق الثورة العرابية والوقائع الحربية : بمناسبة مرور مائة عام،1881-1981 / Bibliyūjrāfiyā li-wathāʼiq al-thawrah al-ʻUrābīyah wa-al-wāqāʼi ʻal-ḥarbīyah : bi-munāsabat murūr miʼat ʻām, 1881-1981  
264 1 |a Cairo  |b al-Hayʼah al-Miṣrīyah al-ʻĀmmah lil-Kitāb  |c 1982 
300 |a 631  |c 24 
942 |2 lcc  |c BK 
999 |c 57986  |d 57986